000 006580000a22002050004500
003 LK-CoMWRAF
005 20231030095820.0
008 230817t1988 ||||| |||| 00| 0 eng d
020 _a0858893193
040 _aLK-CoMWRAF
_dLK-CoMWRAF
_eLK-CoMWRAF
041 _aeng
082 _a363.325
_bRAT
100 _aRatnatunga, Sinha
245 _aPolitics of Terrorism:
_bThe Sri Lanka Experience
260 _aBelconnen:
_bInternational Fellowship for Social and Economic Development (IFSED),
_c1988
300 _axx, 417 p., [12] p. of plates : ill., maps ; 22 cm.
650 _aPOLITICS AND GOVRNMENT-Sri Lanka
650 _aHistory-Sri Lanka
942 _cBK
999 _c1141
_d1141